000 00588nam a2200193Ia 4500
003 IN-BaIIA
008 211028s9999 xx 000 0 eng d
020 _a0-8174-3208-6
040 _cIIA Library
080 _a031:77
_bEKC-8
110 _aKodak
_92452
245 0 _aEncyclopedia of Practical Photography
_bvol. 8, Gum-K
_cEastman Kodak Company
260 _aNew York
_bAmphoto
_c1978
300 _a1297-1480p.
650 _aEncyclopedia-Photography
_910845
650 _aNASA Thesaurus
650 _aPhotography-Encyclopedia
_910846
942 _cBK
999 _c6321
_d6321